The audacity in growing conscientious leader: (Record no. 30975)

000 -LEADER
fixed length control field 00700nam a22001697a 4500
008 - FIXED-LENGTH DATA ELEMENTS--GENERAL INFORMATION
fixed length control field 210611b |||||||| |||| 00| 0 eng d
020 ## - INTERNATIONAL STANDARD BOOK NUMBER
International Standard Book Number 9789914400687
050 ## - LIBRARY OF CONGRESS CALL NUMBER
Classification number HD 57.7
Item number .M85 2021
100 ## - MAIN ENTRY--PERSONAL NAME
Personal name Mulwa Francis Wambua
245 ## - TITLE STATEMENT
Title The audacity in growing conscientious leader:
Remainder of title the role of frontline teams as vision bearers lead from the back/
260 ## - PUBLICATION, DISTRIBUTION, ETC. (IMPRINT)
Place of publication, distribution, etc. Genever, Switzerland :
Name of publisher, distributor, etc. Globethics Publishers,
Date of publication, distribution, etc. ©2021
300 ## - PHYSICAL DESCRIPTION
Extent xviii, 262p. :
Other physical details ill. ;
Dimensions 21cm.
504 ## - BIBLIOGRAPHY, ETC. NOTE
Bibliography, etc Include Bibliography Ref.
650 ## - SUBJECT ADDED ENTRY--TOPICAL TERM
Topical term or geographic name as entry element Devolving Leadership
General subdivision new generation
650 ## - SUBJECT ADDED ENTRY--TOPICAL TERM
Topical term or geographic name as entry element Leadership
General subdivision Founder lead from the back
Form subdivision Role of Frontline team
942 ## - ADDED ENTRY ELEMENTS (KOHA)
Source of classification or shelving scheme
Koha item type Hard Covered Materials
Classification part HD 57.7 .M85 2021
Holdings
Withdrawn status Lost status Source of classification or shelving scheme Damaged status Not for loan Home library Current library Shelving location Date acquired Source of acquisition Cost, normal purchase price Full call number Barcode Date last seen Price effective from Koha item type Total Checkouts Date last checked out
          MACHAKOS UNIVERSITY LIBRARY MACHAKOS UNIVERSITY LIBRARY Open shelf 11/06/2021 Donation (Prof. F. W. Mulwa) 1500.00 HD 57.7 .M85 2021 23633 11/11/2021 11/06/2021 Hard Covered Materials    
          MACHAKOS UNIVERSITY LIBRARY MACHAKOS UNIVERSITY LIBRARY Open shelf 11/06/2021 Donation (Prof. F. W. Mulwa) 1500.00 HD 57.7 .M85 2021 23634 19/11/2021 11/06/2021 Hard Covered Materials 1 23/06/2021
© Machakos University Library, Along The Highway, Machakos Wote Rd, Machakos, Kenya P.O. Box 136 - 90100 Machakos - Kenya

Tel: ( +254 ) 723 805829 OR Fax : 044-20353 OR Email: library@mksu.ac.ke